Social exclusion and inclusion: A journey from past to present (Record no. 394211)

MARC details
000 -LEADER
fixed length control field 00709 a2200265 4500
005 - DATE & TIME
control field 20260417124829.0
008 - FIXED-LENGTH DATA ELEMENTS--GENERAL INFORMATION
fixed length control field 260417b |||||||| |||| 00| 0 eng d
020 ## - ISBN
International Standard Book Number 9789386110220
Price Rs. 3295.00
040 ## - CATALOGING SOURCE
Original cataloging agency VIVEKANANDA LIBRARY
082 ## - DDC NUMBER
Classification number 305.56
Book Number S12S
100 ## - MAIN ENTRY--PERSONAL NAME
Personal name Sobit, R C
245 ## - TITLE STATEMENT
Title Social exclusion and inclusion: A journey from past to present
260 ## - PUBLICATION, DISTRIBUTION, ETC. (IMPRINT)
Name of publisher, distributor, etc JAYA Publishing House
Date of publication, distribution, etc 2025
Place of publication, distribution, etc Delhi
300 ## - PHYSICAL DESCRIPTION
Pages xvii, 297
650 ## - Subject
Subject Sociology
650 ## - Subject
Subject Social Groups
650 ## - Subject
Subject Social Classes
650 ## - Subject
Subject Social Inequality
700 ## - Added Entry Personal Name
Added Entry Personal Name Ram, R B
700 ## - Added Entry Personal Name
Added Entry Personal Name Babu, S Victor
700 ## - Added Entry Personal Name
Added Entry Personal Name Krishna, Sangeeta
700 ## - Added Entry Personal Name
Added Entry Personal Name Verma, Sudarshan
700 ## - Added Entry Personal Name
Added Entry Personal Name Saxena, Priti
942 ## - ADDED ENTRY ELEMENTS (KOHA)
Koha item type Books
Holdings
Withdrawn status Lost status Source of classification or shelving scheme Damaged status Not for loan Location (home branch) Sublocation or collection (holding branch) Shelving location Date acquired Koha issues (times borrowed) Koha full call number Accession No. Koha date last seen Koha item type
    Dewey Decimal Classification     VIVEKANANDA LIBRARY VIVEKANANDA LIBRARY Vivekananda Library 13/03/2026   305.56 S12S 438772 13/03/2026 Books
© Designed and Maintained by Vivekananda Library, MDU Rohtak